[Event "Linares Anibal op 8th"]
[Site "Linares"]
[Date "2001.01.12"]
[Round "5"]
[White "Odeev, Handszar"]
[Black "Avrukh, Boris"]
[Result "1/2-1/2"]
[WhiteElo "2472"]
[BlackElo "2630"]
[PlyCount "115"]
[EventDate "2001.01.08"]
[Source "ChessBase"]
[SourceDate "2001.03.20"]

1. e4 c5 2. Nf3 Nc6 3. d4 cxd4 4. Nxd4 Nf6 5. Nc3 d6 6. Be2 e5 7. Nf3 h6 8. O-O Be7 9. Re1 O-O 10. h3 a6 11. Bf1 Qc7 12. Nd5 Nxd5 13. exd5 Nb8 14. c4 a5 15. Be3 Na6 16. a3 Bd7 17. Rb1 a4 18. b4 axb3 19. Qxb3 Bf5 20. Rb2 Nc5 21. Qb6 Rfc8 22. Bxc5 Qxc5 23. Qxc5 Rxc5 24. Rxb7 Bd8 25. Re3 Bc8 26. Rb2 Rca5 27. Nd2 Bc7 28. Rbb3 f5 29. g3 Bb8 30. Nb1 Ba7 31. Re2 Ba6 32. Reb2 Rc8 33. Rb4 Kf7 34. R2b3 Kf6 35. Kg2 e4 36. h4 g5 37. hxg5+ hxg5 38. Nc3 Ke5 39. Nb1 f4 40. g4 f3+ 41. Kg3 Rh8 42. Nd2 Rh1 43. Rb8 Bxb8 44. Rxb8 Rxa3 45. Re8+ Kd4 46. Rxe4+ Kc5 47. Re6 Ra2 48. Ne4+ Kd4 49. Bh3 Bxc4 50. Nxg5 Kxd5 51. Re3 Rd1 52. Nxf3 Rd3 53. Re8 Bb5 54. Re7 Raa3 55. Bg2 Kc5 56. g5 Bc6 57. Rf7 Be4 58. Kg4 1/2-1/2

[Event "Villa Gesell"]
[Site "Villa Gesell"]
[Date "1996.??.??"]
[Round "3"]
[White "Ricardi, Pablo"]
[Black "Zarnicki, Pablo"]
[Result "1/2-1/2"]
[WhiteElo "2555"]
[BlackElo "2545"]
[PlyCount "41"]
[EventDate "1996.03.??"]
[Source "ChessBase"]

1. e4 c5 2. Nf3 d6 3. d4 cxd4 4. Nxd4 Nf6 5. Nc3 Nc6 6. Be2 e5 7. Nf3 h6 8. O-O Be7 9. Re1 O-O 10. h3 Be6 11. Bf1 Nb8 12. b3 a6 13. Nd5 Nxd5 14. exd5 Bf5 15. c4 Nd7 16. Bb2 Bg6 17. b4 Re8 18. Bd3 Bxd3 19. Qxd3 a5 20. a3 b6 21. Nd2 1/2-1/2

[Event "Beersheba-St Petersburg"]
[Site "Beersheba"]
[Date "1998.??.??"]
[Round "4"]
[White "Golod, Vitali"]
[Black "Aseev, Konstantin N"]
[Result "0-1"]
[WhiteElo "2535"]
[BlackElo "2565"]
[PlyCount "122"]
[EventDate "1998.03.03"]
[Source "www.chesslib.no"]
[SourceDate "2004.05.04"]

1. e4 c5 2. Nf3 d6 3. d4 cxd4 4. Nxd4 Nf6 5. Nc3 Nc6 6. Be2 e5 7. Nf3 h6 8. O-O Be7 9. Re1 O-O 10. h3 Be6 11. Bf1 Nb8 12. b3 a6 13. a4 Nbd7 14. Bb2 Qc7 15. a5 Rac8 16. Nd2 d5 17. exd5 Nxd5 18. Nxd5 Bxd5 19. Nc4 Be6 20. Qh5 f6 21. Ne3 Bc5 22. Ng4 Rf7 23. Ra4 Nf8 24. Bc4 Re8 25. Bxe6 Rxe6 26. Qf5 Rd6 27. Bc1 Rd4 28. Rxd4 Bxd4 29. Bxh6 Qd7 30. Qh5 f5 31. Bxg7 Kxg7 32. Qh6+ Kg8 33. Nxe5 Bxe5 34. Rxe5 Qd1+ 35. Kh2 Qxc2 36. Re8 Qc7+ 37. Kg1 Qd7 38. Ra8 Rg7 39. Qf6 Qf7 40. Qd6 Qe7 41. Qd5+ Rf7 42. Rb8 Qd7 43. Qc5 Qd1+ 44. Kh2 Qxb3 45. Qd6 Qc3 46. Re8 Qf6 47. Qc5 Kg7 48. Re3 Ng6 49. Qd5 Re7 50. Rg3 Qe5 51. Qd2 Kh7 52. Qg5 Rg7 53. Qh5+ Kg8 54. Kh1 Qe1+ 55. Kh2 Qe5 56. Kh1 Nf4 57. Qd1 Qd5 58. Qf3 Qxf3 59. Rxf3 Nxg2 60. Rxf5 Nh4 61. Rf4 Ng6 0-1

[Event "Tournoi de Bastia"]
[Site "?"]
[Date "2003.10.29"]
[Round "3"]
[White "Paragua Mark"]
[Black "Baklan Vladimir"]
[Result "0-1"]
[WhiteElo "2500"]
[BlackElo "2600"]
[PlyCount "56"]
[EventDate "2003.??.??"]
[Source "www.chesslib.no"]
[SourceDate "2004.05.04"]

1. Nf3 c5 2. e4 Nc6 3. d4 cxd4 4. Nxd4 Nf6 5. Nc3 d6 6. Be2 e5 7. Nf3 h6 8. O-O Be7 9. h3 O-O 10. Re1 a6 11. Bf1 Re8 12. b3 b6 13. Bb2 Bf8 14. Qd2 Bb7 15. Rad1 Rc8 16. Nd5 Nxd5 17. exd5 Nb8 18. c4 a5 19. g3 Nd7 20. Nh4 Rc7 21. f4 exf4 22. Rxe8 Qxe8 23. gxf4 Nc5 24. Kh2 Bc8 25. f5 Re7 26. f6 Re3 27. fxg7 Bxg7 28. Qg2 Rxh3+ 0-1

[Event "CRO-ch"]
[Site "Slavonski Brod"]
[Date "1995.??.??"]
[Round "?"]
[White "Zelcic, Robert"]
[Black "Lalic, Bogdan"]
[Result "1/2-1/2"]
[WhiteElo "2500"]
[BlackElo "2590"]
[PlyCount "36"]
[EventDate "1995.02.??"]
[Source "ChessBase"]

1. e4 c5 2. Nf3 d6 3. d4 cxd4 4. Nxd4 Nf6 5. Nc3 Nc6 6. Be2 e5 7. Nf3 h6 8. O-O Be6 9. Re1 Be7 10. Bf1 Nb8 11. b3 O-O 12. Bb2 Nbd7 13. Nd2 a6 14. a4 Qc7 15. Nc4 Qc6 16. Ne3 Rfe8 17. Qf3 Bd8 18. Red1 Bb6 1/2-1/2

[Event "Calcutta op"]
[Site "Calcutta"]
[Date "1996.??.??"]
[Round "6"]
[White "Slobodjan, Roman"]
[Black "Sherbakov, Ruslan"]
[Result "1/2-1/2"]
[WhiteElo "2525"]
[BlackElo "2565"]
[PlyCount "30"]
[EventDate "1996.02.??"]
[Source "ChessBase"]

1. e4 c5 2. Nf3 Nc6 3. d4 cxd4 4. Nxd4 Nf6 5. Nc3 d6 6. Be2 e5 7. Nf3 h6 8. O-O Be7 9. Re1 O-O 10. h3 Re8 11. Bc4 Be6 12. Nd5 Rc8 13. c3 Bf8 14. Bb3 b6 15. Ba4 Bd7 1/2-1/2

[Event "Tch (Men) 2005/2006 SCG"]
[Site "?"]
[Date "2006.05.02"]
[Round "2"]
[White "Radulski Julian"]
[Black "Kotronias Vasilios"]
[Result "1/2-1/2"]
[WhiteElo "2490"]
[BlackElo "2598"]
[PlyCount "86"]
[EventDate "2006.??.??"]
[Source "www.chesslib.no"]
[SourceDate "2004.05.04"]

1. e4 c5 2. Nf3 Nc6 3. d4 cxd4 4. Nxd4 Nf6 5. Nc3 d6 6. Be2 e5 7. Nf3 h6 8. O-O Be7 9. Re1 O-O 10. h3 Be6 11. Bf1 Nb8 12. b3 a6 13. Bb2 Nbd7 14. a4 Rc8 15. Nd5 Nxd5 16. exd5 Bf5 17. c4 a5 18. Bd3 Bxd3 19. Qxd3 f5 20. Qc2 Rf7 21. Rad1 g6 22. Nd2 Bf6 23. Nb1 e4 24. Nc3 Be5 25. Nb5 Qf6 26. Bxe5 Nxe5 27. Qd2 g5 28. Qxa5 g4 29. Qb6 gxh3 30. Re3 h2+ 31. Kh1 Ng4 32. Re2 e3 33. Qxd6 Nxf2+ 34. Rxf2 exf2 35. Qxf6 Rxf6 36. Rf1 Re8 37. Rxf2 Re1+ 38. Kxh2 Rd1 39. Nc3 Rd4 40. Rf3 f4 41. Kg1 Kf7 42. Ne2 Re4 43. Nc3 Rd4 1/2-1/2

[Event "1st WinTV Open"]
[Site "Chennai"]
[Date "2004.01.31"]
[Round "12"]
[White "Safin, Shukhrat"]
[Black "Fominyh, Alexander"]
[Result "1/2-1/2"]
[WhiteElo "2528"]
[BlackElo "2559"]
[PlyCount "116"]
[EventDate "2004.01.21"]
[Source "Roberto Alvarez"]
[SourceDate "2004.02.09"]

1. e4 c5 2. Nf3 d6 3. d4 cxd4 4. Nxd4 Nf6 5. Nc3 Nc6 6. Be2 e5 7. Nf3 h6 8. O-O Be7 9. Re1 O-O 10. Bf1 a6 11. Nd5 Nxd5 12. exd5 Nb8 13. Nd2 Nd7 14. a4 b6 15. a5 Bb7 16. c4 Bg5 17. b4 bxa5 18. Rxa5 Rc8 19. Ne4 Be7 20. Ra2 f5 21. Nd2 Nb6 22. Qb3 Rf7 23. Ba3 Bg5 24. Nf3 Bf6 25. Rd1 Kh8 26. Rc2 Rd7 27. Rcd2 Rb8 28. Qc2 Rc8 29. c5 e4 30. c6 Nxd5 31. Rxd5 Rxc6 32. Qb1 exf3 33. b5 Rb6 34. Bc5 fxg2 35. Be2 Bxd5 36. Bxb6 Qxb6 37. Rxd5 g6 38. Qc1 Kg7 39. bxa6 Re7 40. Qd2 Be5 41. Kxg2 Qb3 42. Rb5 Qa4 43. Rb7 Rxb7 44. axb7 d5 45. Qxd5 Qf4 46. Qd7+ Kf6 47. Qd8+ Kf7 48. Qd7+ Kf6 49. Qd8+ Kf7 50. Bf3 Qg5+ 51. Qxg5 hxg5 52. h3 g4 53. hxg4 fxg4 54. Bxg4 g5 55. Kf3 Ke7 56. Ke4 Bf4 57. Kd5 Kd8 58. Kc6 Bb8 1/2-1/2

[Event "Russia (ch)"]
[Site "?"]
[Date "1996.??.??"]
[Round "?"]
[White "Sokolov, An"]
[Black "Lugovoi, A."]
[Result "1-0"]
[WhiteElo "2585"]
[BlackElo "2500"]
[PlyCount "95"]
[EventDate "1996.??.??"]
[Source "ChessBase"]
[SourceDate "1996.10.01"]

1. e4 c5 2. Nf3 d6 3. d4 cxd4 4. Nxd4 Nf6 5. Nc3 Nc6 6. Be2 e5 7. Nf3 h6 8. O-O Be7 9. Re1 O-O 10. h3 Be6 11. Bf1 Nb8 12. b3 Nbd7 13. Bb2 a6 14. a4 Qc7 15. a5 Rad8 16. Qd2 Rfe8 17. g3 Qc8 18. Kh2 Nc5 19. b4 Ncd7 20. Nh4 Bc4 21. Bg2 d5 22. Nxd5 Nxd5 23. exd5 Bg5 24. Qc3 Bxh4 25. gxh4 Nf6 26. Rxe5 Rxe5 27. Qxe5 Bxd5 28. Rg1 Re8 29. Qf4 Bxg2 30. Rxg2 Nh5 31. Qd4 Qc7+ 32. f4 Qxf4+ 33. Qxf4 Nxf4 34. Rxg7+ Kf8 35. Rh7 Re2+ 36. Kg3 Rxc2 37. Ba1 Rc4 38. Rxh6 Rxb4 39. h5 Ne2+ 40. Kf2 Nd4 41. Rh8+ Ke7 42. h6 Nf5 43. h7 Rh4 44. Kf3 Nd6 45. Be5 Nf5 46. Bb2 Rh6 47. Kf4 Nd6 48. Ba3 1-0

[Event "JUG Team Ch"]
[Site "Igalo"]
[Date "1994.??.??"]
[Round "8"]
[White "Tseshkovsky, Vitaly V"]
[Black "Dokhoian, Yury R"]
[Result "1-0"]
[WhiteElo "2515"]
[BlackElo "2570"]
[PlyCount "133"]
[EventDate "1994.??.??"]
[Source "www.chesslib.no"]
[SourceDate "2004.05.04"]

1. e4 c5 2. Nf3 d6 3. d4 cxd4 4. Nxd4 Nf6 5. Nc3 Nc6 6. Be2 e5 7. Nf3 h6 8. O-O Be7 9. Re1 O-O 10. h3 Be6 11. Bf1 Nb8 12. a4 Nbd7 13. a5 a6 14. Nd5 Nxd5 15. exd5 Bf5 16. c4 Re8 17. b4 Rc8 18. Qb3 e4 19. Nd4 Bg6 20. Be3 Ne5 21. b5 Bf6 22. bxa6 bxa6 23. Reb1 Qc7 24. Ra4 Nd7 25. Qd1 Nc5 26. Rab4 Nd3 27. Bxd3 Bxd4 28. Bf1 Bxe3 29. fxe3 Qxa5 30. Qd4 Red8 31. Rb6 Kf8 32. Ra1 Qc5 33. Qxc5 Rxc5 34. Raxa6 Ke7 35. g4 Rcc8 36. Kf2 Rb8 37. Ra7+ Kf6 38. c5 Rxb6 39. cxb6 Rb8 40. b7 Ke7 41. Bb5 Kd8 42. h4 f5 43. g5 hxg5 44. hxg5 Bh5 45. Bc6 g6 46. Ke1 Kc7 47. Kd2 Bf3 48. Ra8 Bh5 49. Ra2 Kb6 50. Kc3 Bg4 51. Rb2+ Kc7 52. Kb4 Bd1 53. Rh2 Bh5 54. Ka5 f4 55. exf4 e3 56. Rh3 e2 57. Re3 Rxb7 58. Bxb7 Kxb7 59. Kb5 Kc7 60. Kc4 Kb6 61. Rb3+ Ka5 62. Rb1 Bg4 63. Kd4 Bf5 64. Re1 Bg4 65. f5 Bxf5 66. Rxe2 Kb6 67. Rf2 1-0

[Event "Yerevan ol (Men)"]
[Site "Yerevan"]
[Date "1996.??.??"]
[Round "7"]
[White "Spasov, Vasil"]
[Black "Rodriguez, Amador"]
[Result "1/2-1/2"]
[WhiteElo "2575"]
[BlackElo "2510"]
[PlyCount "115"]
[EventDate "1996.09.??"]
[Source "www.chesslib.no"]
[SourceDate "2004.05.04"]

1. e4 c5 2. Nf3 d6 3. d4 cxd4 4. Nxd4 Nf6 5. Nc3 Nc6 6. Be2 e5 7. Nf3 h6 8. O-O Be7 9. Re1 O-O 10. h3 Re8 11. Bf1 Bf8 12. Nh2 Be6 13. Ng4 Nxg4 14. hxg4 Be7 15. Nd5 Rc8 16. Nxe7+ Qxe7 17. Be3 Red8 18. c4 b6 19. b3 Qf6 20. f3 Qg6 21. Qd2 Rd7 22. Rad1 f6 23. Qf2 Na5 24. Rd2 Qf7 25. Red1 Rcd8 26. Qh4 Nb7 27. Be2 Nc5 28. Kf2 Qf8 29. Kg1 Qf7 30. Qf2 Nb7 31. Rc2 Rc8 32. Qe1 Rdc7 33. Qb4 Rc6 34. Rcd2 Qc7 35. Qa3 a5 36. Bf1 Nc5 37. Qb2 Qe7 38. Re1 Qf8 39. Rdd1 Qe7 40. Qf2 Nd7 41. Rd2 Nc5 42. Red1 Qf8 43. Be2 Qe7 44. Re1 Qf8 45. Bd1 Qe7 46. a4 Qf8 47. Bc2 Qe7 48. Red1 Rd8 49. Qe2 Qd7 50. Kf2 Qc8 51. Rh1 Kf7 52. Rd5 Ke7 53. Qd2 Rc7 54. Qe2 Rc6 55. Rhd1 Qd7 56. Qe1 Qc8 57. Qh1 Rh8 58. R5d2 1/2-1/2

[Event "BL2-Sued 9900"]
[Site "Germany"]
[Date "2000.03.12"]
[Round "7.1"]
[White "Schmaltz, Roland"]
[Black "Gabriel, Christian"]
[Result "1-0"]
[WhiteElo "2506"]
[BlackElo "2578"]
[PlyCount "89"]
[EventDate "1999.10.??"]
[Source "ChessBase"]
[SourceDate "2000.05.11"]

1. e4 c5 2. Nf3 d6 3. d4 cxd4 4. Nxd4 Nf6 5. Nc3 Nc6 6. Be2 e5 7. Nf3 h6 8. O-O Be7 9. h3 Be6 10. Re1 O-O 11. Bf1 Nb8 12. Na4 Qc7 13. b3 Qc6 14. Qd3 Nfd7 15. c4 f5 16. exf5 Bxf5 17. Qd1 Na6 18. Nd4 exd4 19. Rxe7 Ne5 20. Qxd4 Nb4 21. f4 Bxh3 22. Qc3 Nbd3 23. Rxe5 dxe5 24. Qxd3 Bf5 25. Qd5+ Qxd5 26. cxd5 exf4 27. Bxf4 Be4 28. Bd6 Rxf1+ 29. Rxf1 Bxd5 30. Rd1 Bc6 31. Bc7 Kf7 32. Rd8 Rxd8 33. Bxd8 Ke6 34. Nb2 Ke5 35. Be7 g6 36. Kf2 Ke4 37. g3 Kd4 38. Bf6+ Ke4 39. Ke2 g5 40. Nd1 Kf5 41. Bd4 a6 42. Nf2 h5 43. Be3 Bg2 44. Bb6 Bc6 45. Bd8 1-0

[Event "JUG-ch op"]
[Site "Nis"]
[Date "1996.??.??"]
[Round "10"]
[White "Spasov, Vasil"]
[Black "Damljanovic, Branko"]
[Result "1-0"]
[WhiteElo "2570"]
[BlackElo "2510"]
[PlyCount "88"]
[EventDate "1996.??.??"]
[Source "www.chesslib.no"]
[SourceDate "2004.05.04"]

1. e4 c5 2. Nf3 d6 3. d4 cxd4 4. Nxd4 Nf6 5. Nc3 Nc6 6. Be2 e5 7. Nf3 h6 8. O-O Be7 9. Re1 O-O 10. h3 Be6 11. Bf1 Nb8 12. b3 Nbd7 13. a4 a6 14. Bb2 Rc8 15. Nd2 Qa5 16. Nc4 Bxc4 17. Bxc4 Nb6 18. Bf1 Rfd8 19. Qf3 d5 20. Nxd5 Nbxd5 21. exd5 Rxc2 22. Bxe5 Qxd5 23. Qf5 Qc5 24. b4 Qc8 25. Bd3 Qxf5 26. Bxf5 Rc4 27. b5 axb5 28. axb5 Bc5 29. Rad1 Rxd1 30. Rxd1 Bb6 31. Ra1 Kf8 32. Ra8+ Ke7 33. Rb8 Rc1+ 34. Kh2 Bxf2 35. Rxb7+ Ke8 36. g4 Bc5 37. b6 Re1 38. Bg3 Re2+ 39. Kh1 Rb2 40. Bc7 Nd5 41. Be4 Nb4 42. Rb8+ Ke7 43. Be5 Re2 44. b7 Rxe4 1-0

[Event "Hungary HUN"]
[Site "?"]
[Date "2005.10.16"]
[Round "1"]
[White "Sikula Vaszilij"]
[Black "Nevednichy Vladislav"]
[Result "1/2-1/2"]
[WhiteElo "2486"]
[BlackElo "2594"]
[PlyCount "101"]
[EventDate "2005.??.??"]
[Source "www.chesslib.no"]
[SourceDate "2004.05.04"]

1. e4 c5 2. Nf3 d6 3. d4 cxd4 4. Nxd4 Nf6 5. Nc3 Nc6 6. Be2 e5 7. Nf3 h6 8. O-O Be7 9. Re1 a6 10. h3 O-O 11. Bf1 Qc7 12. Be3 Na5 13. Qd2 Be6 14. b3 Bd8 15. Nd5 Nxd5 16. exd5 Bd7 17. c4 f5 18. c5 f4 19. cxd6 Qxd6 20. Bc5 Qxc5 21. b4 Qd6 22. bxa5 Re8 23. Bd3 Rc8 24. Rab1 Rc5 25. Qb2 Bb5 26. Rxe5 Rxe5 27. Qxe5 Qxe5 28. Nxe5 Bc7 29. Bxb5 axb5 30. Nd7 Rxd5 31. Nb6 Bxb6 32. axb6 Kf7 33. Rc1 Ke6 34. Rc7 Rd7 35. Kf1 f3 36. gxf3 Rxc7 37. bxc7 Kd7 38. Ke2 Kxc7 39. Kd3 Kb6 40. Ke4 Kc5 41. Kf5 Kb4 42. Kg6 Ka3 43. Kxg7 b4 44. f4 Kxa2 45. f5 b3 46. f6 b2 47. f7 b1=Q 48. f8=Q b5 49. Qf7+ Ka3 50. Qa7+ Kb3 51. Qf7+ 1/2-1/2

[Event "Burgas"]
[Site "?"]
[Date "1994.??.??"]
[Round "?"]
[White "Ermenkov, E."]
[Black "Greenfeld, A."]
[Result "0-1"]
[WhiteElo "2480"]
[BlackElo "2600"]
[PlyCount "74"]
[EventDate "1994.??.??"]
[Source "ChessBase"]
[SourceDate "1994.06.01"]

1. e4 c5 2. Nf3 d6 3. d4 cxd4 4. Nxd4 Nf6 5. Nc3 Nc6 6. Be2 e5 7. Nf3 h6 8. O-O Be7 9. Re1 O-O 10. h3 Be6 11. Bf1 Nb8 12. a4 Nbd7 13. a5 a6 14. b3 Rc8 15. Bb2 Re8 16. Nd5 Nxd5 17. exd5 Bf5 18. c4 e4 19. Nd2 Bg5 20. b4 Ne5 21. c5 Bxd2 22. Qxd2 dxc5 23. b5 Nd3 24. Bxd3 exd3 25. Rxe8+ Qxe8 26. bxa6 bxa6 27. Re1 Qd7 28. g4 Bg6 29. f4 Qxd5 30. f5 Bh7 31. Re7 Qd6 32. Qe3 Kf8 33. f6 gxf6 34. Rd7 Qxd7 35. Qxh6+ Ke8 36. Qxh7 Qd5 37. Bc3 Kd7 0-1

[Event "II Open ROMGAZ"]
[Site "Bucarest ROM"]
[Date "2008.09.13"]
[Round "3"]
[White "Kononenko, Dmitry1"]
[Black "Nevednichy, V."]
[Result "1-0"]
[WhiteElo "2502"]
[BlackElo "2577"]
[PlyCount "127"]
[EventDate "2008.09.11"]
[Source "www.chesslib.no"]
[SourceDate "2004.05.04"]

1. e4 c5 2. Nf3 d6 3. d4 cxd4 4. Nxd4 Nf6 5. Nc3 Nc6 6. Be2 e5 7. Nf3 h6 8. O-O Be7 9. Re1 O-O 10. h3 Be6 11. Bf1 Qd7 12. Nd5 Bd8 13. c4 Nh7 14. Be3 Ng5 15. Nd2 f5 16. exf5 Bxf5 17. Be2 Ne6 18. Bg4 Ba5 19. Bxf5 Rxf5 20. Qg4 Raf8 21. Bxh6 Nc5 22. Rf1 Bxd2 23. Bxd2 Qf7 24. Be3 Nd3 25. Qe2 Nf4 26. Bxf4 exf4 27. Rae1 f3 28. Qe6 fxg2 29. Kxg2 Rg5+ 30. Kh2 Rf5 31. f4 Kh7 32. Qxd6 Qh5 33. Qe6 Kh8 34. Qe2 Qh6 35. Qg2 Qd6 36. Rg1 R5f7 37. Qg4 Nd4 38. Re5 Nf3+ 39. Qxf3 Qxe5 40. fxe5 Rxf3 41. e6 Rf2+ 42. Rg2 Rxg2+ 43. Kxg2 Re8 44. e7 Kg8 45. Kf3 Kf7 46. b3 a5 47. Kg4 Rc8 48. Kf5 Rh8 49. Ke5 Rxh3 50. Kd6 Rh6+ 51. Kc7 g5 52. Kxb7 g4 53. c5 g3 54. c6 Rh8 55. Nf4 Ke8 56. c7 Kd7 57. Nd5 g2 58. e8=Q+ Rxe8 59. Nf6+ Ke7 60. Nxe8 g1=Q 61. c8=Q Qg2+ 62. Qc6 Qxa2 63. Qb5 Kd8 64. Nc7 1-0

[Event "Berlin"]
[Site "?"]
[Date "1991.??.??"]
[Round "?"]
[White "Geller, E."]
[Black "Kovalev, A."]
[Result "1/2-1/2"]
[WhiteElo "2525"]
[BlackElo "2550"]
[PlyCount "128"]
[EventDate "1991.??.??"]
[Source "ChessBase"]
[SourceDate "1991.06.01"]

1. e4 c5 2. Nf3 d6 3. d4 cxd4 4. Nxd4 Nf6 5. Nc3 Nc6 6. Be2 e5 7. Nf3 h6 8. O-O Be7 9. Re1 O-O 10. h3 Be6 11. Bf1 Nb8 12. Nd5 Nxd5 13. exd5 Bf5 14. Nd2 Nd7 15. Nc4 Bg6 16. a4 Rc8 17. a5 f5 18. Be3 b5 19. axb6 axb6 20. f4 b5 21. Na5 Bh4 22. Nc6 Qf6 23. Bf2 Bxf2+ 24. Kxf2 Nc5 25. Kg1 Ne4 26. fxe5 dxe5 27. Bd3 Qd6 28. Bxe4 fxe4 29. Kh1 Kh7 30. c3 Rf2 31. Qg4 Rc7 32. Nb4 Bf5 33. Qg3 Rxb2 34. Ra6 Qc5 35. Re3 Rb1+ 36. Kh2 Qc4 37. Qxe5 Qf1 38. Rf3 Qg1+ 39. Kg3 Qe1+ 40. Kh2 Bg6 41. Qe6 Bh5 42. Rf8 Qg1+ 43. Kg3 Rxc3+ 44. Kh4 Qe1+ 45. Kxh5 Qe2+ 46. Qg4 Qxg4+ 47. Kxg4 Rxb4 48. Kf5 Rd3 49. Rd6 Rd2 50. Rdd8 Rf2+ 51. Ke5 Rxg2 52. Rf4 Rg5+ 53. Kd6 Rc4 54. Rb8 e3 55. Rxc4 bxc4 56. Rb2 c3 57. Re2 Rg1 58. Ke7 Rd1 59. d6 Kg6 60. d7 Kf5 61. Rxe3 c2 62. Rc3 Re1+ 63. Kf7 Rd1 64. Ke7 Re1+ 1/2-1/2